000 00563nam a22001337a 4500
020 _a0-439-17218-7
082 _a823
_bWES/P
100 _aWET, TRACEY
245 _aPIXIE TRICKS
260 _aUSA
_bSCHOLASTIC INC
_c2000
520 _aWith the help of her new fairy friend Sprite, Violet sets out to catch Pix, a lively fairy who just wants everybody to have fun all the time. Pix's playfulness starts to cause serious trouble, so it's up to Violet and Sprite to put an end to his fun and send him back to the fairy world!
650 _aSHORT STORY
942 _cBK
999 _c6613
_d6613